000 00457nam a2200193Ia 4500
005 20240823034851.0
008 240823s9999||||xx |||||||||||||| ||und||
020 _a978-0-14400-149-1
041 _aENGLISH
082 _A954.024 P6
100 _aPenguin Books
245 0 _aBabur Nama Journal of Emperor Babur
250 _a1st
260 _c2006
_b"Penguin Books,En"
500 _aYES
650 _aNovel
_bEnglish
942 _cBK
999 _c199316
_d199316